Comuni più estesi d'Italia - Statistics

Statistiche generali
  • Questo quiz è stato fatto 125 volte
  • Il punteggio medio è 13 su 20
Statistiche sulle risposte
Posizione Comune Provincia Superficie % Corretto
1 Roma RM 1.286,73
99%
5 Sassari SS 546,63
92%
8 Foggia FG 508,63
90%
2 Ravenna RA 651,85
89%
11 Perugia PG 447,52
86%
9 L'Aquila AQ 473,40
82%
15 Venezia VE 417,55
81%
17 Ferrara FE 403,83
76%
10 Grosseto GR 473,03
76%
16 Viterbo VT 404,23
75%
12 Ragusa RG 443,41
72%
19 Matera MT 392,67
62%
14 Caltanissetta CL 420,53
54%
3 Cerignola FG 592,95
50%
18 Andria BT 402,64
48%
7 Gubbio PG 527,24
44%
4 Noto SR 553,59
42%
13 Altamura BA 430,74
38%
6 Monreale PA 528,14
38%
20 Città di Castello PG 386,66
34%
Nessun quiz corrispondente trovato
Distribuzione punteggi
Percentuale di utenti per punteggio
Percentile per numero di risposta
I tuoi punteggi nel tempo
Non hai fatto questo quiz